Miasta województwa warszawskiego II RP z mapą - Statystyki

Ogólne statystyki
  • Ten quiz został rozwiązany 15 razy
  • Średni wynik to 29 z 59
Odpowiedzi na mapie
Odpowiedzi zakodowano w zielono-czerwonej skali na mapie do tego quizu, zgodnie z poniższymi procentami.
 
Statystyki odpowiedzi
Miasto % Poprawnych
Płock
100%
Pruszków
100%
Otwock
92%
Piaseczno
92%
Grodzisk Mazowiecki
85%
Wołomin
85%
Żyrardów
85%
Góra Kalwaria
77%
Grójec
77%
Mińsk Mazowiecki
77%
Mława
77%
Nowy Dwór
77%
Sochaczew
77%
Warka
77%
Ciechanów
69%
Maków Mazowiecki
69%
Mszczonów
69%
Pułtusk
69%
Radzymin
69%
Skierniewice
69%
Włocławek
69%
Wyszków
69%
Błonie
62%
Płońsk
62%
Kutno
54%
Łowicz
54%
Rypin
54%
Serock
54%
Lipno
46%
Przasnysz
46%
Rawa Mazowiecka
46%
Sierpc
46%
Zakroczym
46%
Chorzele
38%
Gostynin
38%
Mogielnica
38%
Nowe Miasto
38%
Wyszogród
38%
Aleksandrów
31%
Biała Rawska
31%
Kałuszyn
31%
Nasielsk
31%
Różan
31%
Żuromin
31%
Ciechocinek
23%
Gąbin
23%
Krośniewice
23%
Nieszawa
23%
Raciąż
23%
Brześć Kujawski
15%
Chodecz
15%
Dobrzyń nad Wisłą
15%
Kowal
15%
Lubraniec
15%
Radziejów
15%
Żychlin
15%
Dobrzyń nad Drwęcą
8%
Lubień
8%
Przedecz
8%
Nie znaleziono quizów pasujących do podanych kryteriów
Rozkład punktacji
Procent ludzi z każdym wynikiem
Percentyl według liczby udzielonych odpowiedzi
Twoja historia wyników
Nie rozwiązałeś tego quizu